000 00922nam a2200265Ia 4500
003 OSt
005 20221005105126.0
006 a|||||r|||| 00| 0
007 ta
008 221004b |||||||| |||| 00| 0 hin d
020 _a9789382662341 (hbk)
024 _a27354
037 _bGift, 22/07/2016,
_cTextual
040 _aCRL
_cCRL
_bhin
041 _2hin
_ahin
082 _aO152,3N43x, Q4
100 _aउषा देव
245 0 _aलंबी दौड़ का घोड़ा
_b कहानी संग्रह
246 _aLanbī dauड़ kā ghoड़ā: kahānī sangraha
260 _aदिल्ली
_bहेमाद्री प्रकाशन भारत
_c2014
300 _a96पृ0
_ccm.
650 _aहिन्दी साहित्य
942 _hO152,3N43x, Q4
_cTEXL
_2cc
999 _c1014839
_d1014839